[Event "53rd Biel Rapid 2020"]
[Site "Biel"]
[Date "2020.07.19"]
[Round "1.1"]
[White "Studer, Noel"]
[Black "Naiditsch, Arkadij"]
[Result "0-1"]
[WhiteElo "2580"]
[BlackElo "2626"]
[Annotator "TA"]
[PlyCount "70"]
[EventDate "2020.07.19"]
[EventType "tourn"]
[EventCountry "SUI"]
[SourceTitle "playchess.com"]
[Source "ChessBase"]
[SourceQuality "1"]

{[%evp 18,70,12,0,25,18,31,0,0,-5,-5,-31,-22,-64,-64,-204,-177,-210,-198,-247,-249,-238,-237,-249,-242,-225,-233,-268,-281,-286,-261,-267,-250,-262,-256,-264,-245,-316,-323,-400,-382,-410,-399,-402,-422,-396,-394,-553,-468,-606,-550,-747,-736,-706,-684]} 1. d4 Nf6 2. c4 e6 3. Nf3 d5 4. g3 Bb4+ 5. Bd2 Be7 6. Bg2 O-O 7. O-O c6 8. Qc2 b6 9. Bf4 Bb7 10. Ne5 Nfd7 {E06: Closed Catalan: Early deviations.} 11. Nd3 {[#]} a5 $5 $146 {[%mdl 8] New and interesting.} ({Predecessor:} 11... Na6 12. cxd5 cxd5 13. Qa4 Rc8 14. Na3 Ndb8 15. Rfc1 Qe8 16. Qxe8 Rfxe8 17. Nb5 Nc6 18. e4 {1-0 (63) Georgiev,K (2615)-Gurevich,M (2620) Elenite 1994}) 12. cxd5 cxd5 {The position is equal.} 13. Nc3 Nc6 14. Nb5 Rc8 {[#] White must now prevent ...Nxd4!} 15. Qb3 Ba6 16. e3 ({Better is} 16. Be3 $15) 16... g5 $36 {[%mdl 2048] Black has strong initiative.} 17. Bd6 {[#]} a4 $1 {[%cal Ra4b3][%mdl 512]} 18. Bxe7 (18. Qxa4 Bxb5) 18... axb3 19. Bxd8 Bxb5 20. Bxg5 {Black should prevent Rfd1.} Bxd3 21. Rfd1 Bc2 22. Rdc1 Na5 23. Be7 Rfe8 24. Bb4 Nb8 25. Bf1 Nbc6 26. Bc3 e5 27. dxe5 Nxe5 {aiming for ...Rxc3!} 28. Bxa5 bxa5 29. axb3 Nf3+ 30. Kg2 Nd2 31. Bb5 Red8 32. Ba6 (32. Ba4 $142) 32... Be4+ {Black is clearly winning.} 33. Kh3 Ra8 34. Bb7 Ra7 35. Rc7 d4 {White did not feel at home in the position after the opening. Accuracy: White = 34%, Black = 93%.} 0-1

[Event "53rd Biel Rapid 2020"]
[Site "Biel"]
[Date "2020.07.19"]
[Round "1.2"]
[White "Adams, Michael"]
[Black "Harikrishna, Pentala"]
[Result "0-1"]
[WhiteElo "2701"]
[BlackElo "2719"]
[Annotator "TA"]
[PlyCount "80"]
[EventDate "2020.07.19"]
[EventType "tourn"]
[EventCountry "SUI"]
[SourceTitle "playchess.com"]
[Source "ChessBase"]
[SourceQuality "1"]

{[%evp 15,80,16,18,5,38,32,31,26,27,20,20,19,75,18,18,18,33,0,0,0,7,0,0,0,0,0,20,18,36,7,34,35,36,41,82,5,27,35,70,0,0,-17,5,-33,0,0,0,0,55,0,0,0,0,0,0,0,0,0,106,2,0,-19,-14,-16,-14,-343,-329]} 1. e4 e5 2. Nf3 Nc6 3. Bb5 a6 4. Ba4 Nf6 5. O-O Be7 6. d3 b5 7. Bb3 d6 8. a4 {8.a3 is the hot move. Played by Ian Nepomniachtchi in June 2020.} Bd7 9. c3 {C84: Closed Ruy Lopez: Unusual White 6th moves.} b4 $5 {[%mdl 4] Leaves trodden paths.} 10. Nbd2 O-O 11. Nc4 {White is slightly better.} Rb8 {[#]} 12. h3 $146 ({Predecessor:} 12. Re1 bxc3 13. bxc3 Be6 14. Ng5 Bg4 15. f3 Bd7 16. a5 h6 17. Nh3 Bxh3 18. gxh3 {0-1 (40) McDonald,N (2403)-Sumit,K (2179) London 2018}) 12... h6 13. Re1 Be6 (13... bxc3 $11 14. bxc3 Be6) 14. a5 (14. d4 $1 $16) 14... bxc3 $11 15. bxc3 Qc8 16. Ba2 Re8 17. Bd2 Bf8 18. Ne3 Bxa2 19. Rxa2 Qe6 20. c4 Nb4 21. Ra3 c5 22. Rb3 Rb7 23. Bxb4 {Threatens to win with Bd2.} Reb8 24. Nc2 Be7 {[#]} 25. Qd2 (25. Qa1 $1 $16) 25... Nh5 26. Reb1 Bd8 27. Kh2 (27. d4 $14 cxb4 28. dxe5 (28. Nxb4 Bxa5 29. dxe5 dxe5 $17)) 27... Nf4 28. Ne3 cxb4 29. Ra1 Qg6 30. Ra4 {[%cal Rb3b4]} Kh7 31. Qb2 Bg5 (31... Qe6 $11) 32. Nxg5+ (32. Qb1 $14) 32... Qxg5 33. g3 {Hoping for h4.} Ne6 34. Raxb4 Rxb4 35. Rxb4 Rxb4 36. Qxb4 Nc5 (36... Qh5 $1 $11) 37. Qc3 (37. Kg2 $16) 37... Qh5 $1 38. Ng4 f5 39. exf5 Qxf5 {White should prevent ...h5.} 40. d4 $2 {[%mdl 8192] [#]} (40. Qd2 $11 {and White stays safe.}) 40... exd4 $1 {Accuracy: White = 60%, Black = 77%.} 0-1

[Event "53rd Biel Rapid 2020"]
[Site "Biel"]
[Date "2020.07.19"]
[Round "1.3"]
[White "Anton Guijarro, David"]
[Black "Keymer, Vincent"]
[Result "0-1"]
[WhiteElo "2703"]
[BlackElo "2558"]
[Annotator "TA"]
[PlyCount "68"]
[EventDate "2020.07.19"]
[EventType "tourn"]
[EventCountry "SUI"]
[SourceTitle "playchess.com"]
[Source "ChessBase"]
[SourceQuality "1"]

{[%evp 14,68,0,0,31,9,6,14,15,-25,68,60,72,66,80,0,0,0,0,0,0,0,100,97,287,24,41,25,33,41,40,39,72,18,2,16,16,-73,-104,-396,-387,-455,-319,-640,-634,-705,-718,-710,-706,-640,-341,-29995,-29996,-29996,-29997,-29997,-29998]} 1. Nf3 d5 2. c4 e6 3. g3 d4 4. Bg2 c5 5. O-O Nc6 6. e3 Nf6 7. exd4 cxd4 8. d3 h6 {A13: English Opening: 1...e6.} 9. Na3 Bxa3 10. bxa3 O-O {The position is equal.} 11. Bf4 {[#]} Qa5 $146 ({Better is} 11... Ng4 $1 $11) ({Predecessor:} 11... Ng4 12. Re1 Re8 13. Ne5 Ngxe5 14. Bxe5 Bd7 15. Bd6 e5 16. Qh5 Qf6 17. c5 Rac8 {1-0 (54) Odendahl,R (2359)-Haria,R (2463) Belgium 2020}) 12. Rb1 Rd8 13. a4 $36 {[%mdl 2048] White has good play.} a6 $1 14. Qb3 (14. Qe2 $16) 14... e5 $11 15. Bd2 Qc7 16. Rfe1 Nd7 17. Qa3 b6 {[#]} (17... a5 $11 {remains equal.}) 18. a5 $1 $16 {[%cal Ra5b6][%mdl 512] Hoping for axb6.} bxa5 $2 {[#]} (18... Rb8 $16) 19. Nh4 $2 (19. Nxd4 $1 $18 {[%mdl 512]} exd4 (19... Nxd4 20. Bxa5) 20. Bf4) 19... Rb8 20. Rxb8 $1 Ndxb8 21. f4 Re8 22. Qc5 {[%mdl 1024] White has compensation.} Re6 {[#]} 23. Bd5 (23. f5 $1 $16 {[%cal Rf5e6]} Nd7 24. Bxa5) 23... Nd7 $11 24. Qa3 Re8 $1 25. Nf5 (25. Qa4 $11 Bb7 26. Nf5) 25... Nb4 $1 $17 26. fxe5 $2 {[%mdl 8192]} (26. Bxb4 $17 axb4 27. Qa4) 26... Nxe5 $19 27. Nxd4 Nxd5 28. cxd5 $2 (28. Qxa5 Qxa5 29. Bxa5) 28... Qb6 29. Be3 {[#]} Nf3+ $1 {[%mdl 512]} 30. Nxf3 Rxe3 31. Kg2 Bg4 32. Rf1 $2 (32. Rxe3 $19 Qxe3 33. Ng1) 32... Re2+ {Black mates.} 33. Kh1 Bxf3+ {[%mdl 64] Overworked Piece} 34. Rxf3 Qb1+ {[%mdl 64] Double Attack. What a bad dream for White. Accuracy: White = 40%, Black = 63%.} 0-1

[Event "53rd Biel Rapid 2020"]
[Site "Biel"]
[Date "2020.07.19"]
[Round "1.4"]
[White "Edouard, Romain"]
[Black "Wojtaszek, Radoslaw"]
[Result "0-1"]
[WhiteElo "2649"]
[BlackElo "2719"]
[Annotator "TA"]
[PlyCount "88"]
[EventDate "2020.07.19"]
[EventType "tourn"]
[EventCountry "SUI"]
[SourceTitle "playchess.com"]
[Source "ChessBase"]
[SourceQuality "1"]

{[%evp 10,88,0,-2,0,0,0,-5,0,-11,0,0,0,-25,-25,-22,-26,-29,-42,-38,-35,-43,-35,-49,-45,-64,-47,-82,-58,-72,-79,-89,-95,-98,-77,-69,-81,-91,-81,-85,-82,-84,-84,-75,-78,-114,-73,-102,-97,-97,-80,-147,-154,-207,-200,-203,-195,-250,-236,-275,-279,-282,-262,-274,-256,-338,-342,-519,-500,-520,-516,-455,-419,-420,-227,-230,-221,-215,-215,-203,-193]} 1. c4 Nf6 2. Nc3 e5 3. Nf3 Nc6 4. d3 d5 5. cxd5 Nxd5 6. e4 Nf6 {A28: English Opening: Four Knights Variation.} 7. h3 Bc5 8. Be3 $5 {[%mdl 4] Exploring less charted territory.} Qe7 {The position is equal.} 9. Be2 O-O 10. O-O Rd8 11. Rc1 {[#]} Nd4 $5 $146 {[%mdl 8] New and interesting.} ({Predecessor:} 11... Bb6 12. a3 h6 13. Qc2 Be6 14. Na4 Bd4 15. b4 a6 16. Nxd4 exd4 17. Bf4 Nd7 18. Bxc7 {1-0 (39) Ju,W (2535)-Ni,S (2213) China 2013}) 12. Bxd4 Bxd4 13. Nxd4 Rxd4 14. Qd2 c5 15. f4 b6 16. Qe3 exf4 17. Rxf4 Be6 18. Rcf1 Rad8 19. a3 a6 20. e5 {[#]} Nd5 $1 {[%cal Rd5e3]} 21. Nxd5 R8xd5 22. Rxd4 Rxd4 23. Rf4 Qg5 24. Re4 Qxe3+ 25. Rxe3 $17 {[%mdl 4096] Endgame KRB-KRB} Kf8 26. Kf2 Ke7 27. Bf3 g6 28. Bb7 a5 {[%cal Ba6a5,Ba5a4][%mdl 32]} 29. Ba6 Bd7 30. Bc4 ({White should try} 30. Rf3) 30... b5 31. Ba2 (31. Bb3 $17 {was necessary.}) 31... h5 32. Ke2 Bf5 33. Bb3 (33. Rg3 $142) 33... a4 $19 34. Ba2 h4 35. Rf3 c4 36. dxc4 bxc4 37. Rc3 Bd3+ 38. Kf3 (38. Ke3 {might work better.} Re4+ {[%mdl 64] Double Attack} 39. Kf2) 38... g5 39. Ke3 Re4+ 40. Kf3 Rf4+ 41. Ke3 Bf1 (41... f5 $142 {Strongly threatening ...Re4+.} 42. Kd2 Bf1) 42. Rc2 {Black is clearly better.} Ke6 43. Rd2 Kxe5 44. Bb1 g4 {Black took control after the opening. Accuracy: White = 60%, Black = 92%.} 0-1

[Event "53rd Biel Rapid 2020"]
[Site "Biel"]
[Date "2020.07.19"]
[Round "2.1"]
[White "Edouard, Romain"]
[Black "Studer, Noel"]
[Result "1-0"]
[WhiteElo "2649"]
[BlackElo "2580"]
[Annotator "TA"]
[PlyCount "99"]
[EventDate "2020.07.19"]
[EventType "tourn"]
[EventCountry "SUI"]
[SourceTitle "playchess.com"]
[Source "ChessBase"]
[SourceQuality "1"]

{[%evp 13,99,0,0,0,0,-15,-9,-9,-1,-19,0,-4,-16,-2,12,0,52,50,83,75,140,113,107,106,128,100,142,145,181,166,169,134,333,305,335,330,430,346,366,292,275,268,260,256,261,204,265,260,459,339,335,216,285,225,852,357,357,354,426,453,425,364,903,905,903,903,866,844,882,870,1583,495,427,0,1409,497,872,830,787,759,611,0,556,434,29994,29993,29994,29995]} 1. c4 e5 2. d3 Nf6 3. Nf3 Nc6 4. Nc3 d5 5. cxd5 Nxd5 6. e4 Nxc3 7. bxc3 Bc5 8. Be2 {A28: English Opening: Four Knights Variation.} O-O 9. Be3 $5 {[%mdl 4] Exploring less charted territory.} Qe7 10. O-O {The position is equal.} Bb6 {[#]} 11. h3 $146 ({Predecessor:} 11. Qd2 h6 12. Rab1 Rd8 13. h3 f5 14. Qc2 Bxe3 15. fxe3 fxe4 16. dxe4 b6 17. Bc4+ {½-½ (40) Santos Etxepare,A (2168)-Kappes,D (2301) ICCF email 2011}) 11... h6 12. Re1 Bxe3 13. fxe3 Qc5 14. Qd2 f5 (14... Qd6 $11) 15. d4 $14 Qe7 16. Bd3 f4 (16... g5 $142) 17. Bc4+ Kh7 18. Bd5 fxe3 19. Rxe3 exd4 20. cxd4 Nd8 21. Bb3 Ne6 22. e5 Nf4 $2 (22... c6 $16) 23. e6 $18 c6 24. Rae1 Rf6 25. Qc2+ Kh8 26. Qc5 Qe8 27. e7 Bxh3 28. Ne5 ({Not} 28. gxh3 Qg6+ 29. Ng5 Re8 $11) 28... Be6 29. Rf3 {Threatens to win with Rxf4!} Bxb3 30. axb3 Ne6 $2 (30... Nd5 31. Rxf6 Nxf6) 31. Qd6 {And now Rxf6 would win.} Nf4 32. Qd7 Kg8 {White should prevent ...Qxd7.} 33. Qxb7 {Strongly threatening Nd7.} Rb8 $2 {[#]} (33... Qc8 34. Qxc8+ Rxc8) 34. Qxa7 (34. Qxb8 $142 $3 {[%mdl 512]} Qxb8 35. Nd7 {[%mdl 64] Double Attack}) 34... Ra8 35. Qb7 Ra2 36. Qd7 Ra8 37. Qg4 Nd5 $2 (37... h5 38. Qg5 Nd5 39. Rxf6 Nxf6) 38. Rxf6 Nxf6 39. Qe6+ {[%mdl 64] Double Attack} Kh7 40. Nxc6 Qg6 41. Ne5 Qg3 42. Qf5+ (42. Nd7 $142 Ne8 43. Qe4+ {[%mdl 64] Double Attack} g6 44. Rf1) 42... Kg8 43. Qe6+ (43. Qf1 $142) 43... Kh7 $1 44. Rf1 (44. Nd7 $142 Ne8 45. Qe4+ {[%mdl 64] Double Attack} g6 46. Rf1) 44... Ra2 (44... Qe3+ $142 45. Kh2 Qxd4) 45. Qf5+ Kg8 46. Qc8+ Kh7 47. Qf5+ Kg8 {[%csl Ga2][%cal Rg3g2]} 48. Qf3 Qh4 {[#]} (48... Qxf3 $18 49. Rxf3 Ra8) 49. Qxf6 $1 {[%mdl 512]} Qxd4+ (49... gxf6 50. e8=Q+) 50. Kh1 {Accuracy: White = 63%, Black = 43%.} 1-0

[Event "53rd Biel Rapid 2020"]
[Site "Biel"]
[Date "2020.07.19"]
[Round "2.2"]
[White "Wojtaszek, Radoslaw"]
[Black "Anton Guijarro, David"]
[Result "1-0"]
[WhiteElo "2719"]
[BlackElo "2703"]
[Annotator "TA"]
[PlyCount "97"]
[EventDate "2020.07.19"]
[EventType "tourn"]
[EventCountry "SUI"]
[SourceTitle "playchess.com"]
[Source "ChessBase"]
[SourceQuality "1"]

{[%evp 9,97,40,67,18,18,17,28,21,28,0,0,0,0,0,13,0,0,0,2,-56,39,0,29,32,34,0,-11,-13,-11,-28,-17,-43,-18,-40,0,-30,-35,-29,0,-55,-43,-112,-58,-95,0,0,0,0,41,45,364,333,1014,387,1017,413,498,490,917,877,892,884,939,655,648,633,626,581,5679,5102,29980,29979,29993,29994,29994,29995,29995,4134,1082,365,357,313,944,527,29986,29987,29996,29992,29995,29992]} 1. d4 d5 2. c4 dxc4 3. e4 Nf6 4. e5 Nd5 5. Bxc4 Bf5 6. Nf3 {D20: Queen's Gambit Accepted: 3 e3 and 3 e4.} (6. Qb3 $5 {[%cal Rc4d5]} e6 7. Qxb7 $16) 6... e6 7. Nc3 {[#]} Nxc3 $146 ({Predecessor:} 7... Nb6 8. Bb5+ c6 9. Bd3 Bxd3 10. Qxd3 Na6 11. O-O Qd7 12. Rd1 Nb4 13. Qe4 N4d5 {½-½ (48) Pert,N (2558)-Pajeken,J (2327) Dublin 2020}) 8. bxc3 {White has an edge.} Be7 9. Bd3 (9. O-O {with more complications.} O-O 10. Qe2 c5 11. Rd1 Qc8 12. d5) 9... Bxd3 $1 10. Qxd3 c5 11. Rb1 b6 12. O-O Nc6 13. Qe4 Qd5 14. Qg4 (14. Qxd5 $11 exd5 15. Be3) 14... Kf8 (14... h5 $15 15. Qg3 (15. Qxg7 O-O-O $11) 15... cxd4) 15. Bg5 cxd4 16. Bxe7+ Nxe7 17. cxd4 (17. Rfd1 $5 {[%cal Rd1d4]}) 17... h6 18. Rb3 Rc8 19. Ra3 Rc7 20. h4 Kg8 21. Qf4 Nc6 22. Rd1 Kh7 23. Nh2 Rd8 {[%cal Rc6d4]} 24. Rad3 (24. Ng4 $11) 24... Rcd7 25. Kh1 (25. Ng4 $15) 25... Kh8 ({Black should try} 25... Qc4 $17 26. Nf3 Ne7) 26. Ng4 {And now Nxh6! would win.} Kh7 (26... Qxa2 $17 {Hoping for ...Rxd4!} 27. Nxh6 Rxd4 {[%mdl 64] Decoy} 28. Rxd4 Rxd4 29. Rxd4 Qa1+ {[%mdl 64] Double Attack} 30. Kh2 Qxd4 31. Qxf7 Qxh4+ 32. Kg1 Qxh6 33. Qe8+ Kh7 34. Qxc6 Qg6) 27. Ne3 $36 {[%mdl 2048] White is pushing.} Qb5 28. Qe4+ Kg8 29. d5 exd5 $2 {[%mdl 8192] This costs Black the game.} (29... Ne7 $14) 30. Nxd5 $18 Nb8 $2 (30... Nxe5 31. Qxe5 Kh8) 31. a4 $2 (31. e6) 31... Qc5 $2 (31... Qb2 32. e6 fxe6) 32. f4 (32. e6 $142) 32... Kh8 {[#]} 33. f5 $1 Qc6 (33... Qc2 $142 34. Qe1 Qc6) 34. e6 fxe6 35. fxe6 Rd6 36. e7 {Intending Nf6 and mate.} Re8 37. Rf1 {White wants to mate with Rf8+.} Nd7 {If Black can now play ...Re6 this consolidates a bit.} 38. Rdf3 {White threatens Rf8+ and mate.} Nf6 39. Nxf6 gxf6 {[#]} 40. Qg6 $1 {[%mdl 512]} Rxe7 41. Qxh6+ Kg8 42. Rg3+ Kf7 43. Qh8 (43. Qg6+ $142 Ke6 44. Qg4+ Ke5 45. Re3+ Kd5 46. Rd3+ Ke5 47. Qf5#) 43... Ke6 44. Rxf6+ $2 (44. Re1+ Kd7 45. Rxe7+ Kxe7 46. Qh7+ Kd8 47. Rg8+ Qe8 48. h5) 44... Kd7 45. Rf8 {Rd8+ is the strong threat.} Qc1+ $2 (45... Qc7 46. Qh5 Qc1+ 47. Kh2 Kc7) 46. Kh2 {Threatening mate with Rd8+.} Rd1 {[%csl Gc1][%cal Rd1h1]} 47. Rd8+ {White mates.} Ke6 48. Qg8+ Rf7 49. Qg4+ {Accuracy: White = 55%, Black = 46%.} 1-0

[Event "53rd Biel Rapid 2020"]
[Site "Biel"]
[Date "2020.07.19"]
[Round "2.3"]
[White "Keymer, Vincent"]
[Black "Adams, Michael"]
[Result "1-0"]
[WhiteElo "2558"]
[BlackElo "2701"]
[Annotator "TA"]
[PlyCount "68"]
[EventDate "2020.07.19"]
[EventType "tourn"]
[EventCountry "SUI"]
[SourceTitle "playchess.com"]
[Source "ChessBase"]
[SourceQuality "1"]

{[%evp 14,68,11,10,31,3,0,0,9,0,57,56,61,79,88,0,0,0,0,0,0,0,97,103,270,11,20,17,16,10,42,39,71,16,20,3,7,-103,-93,-390,-366,-463,-338,-656,-652,-721,-716,-708,-704,-603,-339,-29995,-29996,-29996,-29997,-29997,-29998]} 1. Nf3 d5 2. c4 e6 3. g3 d4 4. Bg2 c5 5. O-O Nc6 6. e3 Nf6 7. exd4 cxd4 8. d3 h6 {A13: English Opening: 1...e6.} 9. Na3 Bxa3 10. bxa3 O-O {The position is equal.} 11. Bf4 {[#]} Qa5 $146 (11... Ng4 $1 $11) ({Predecessor:} 11... Ng4 12. Re1 Re8 13. Ne5 Ngxe5 14. Bxe5 Bd7 15. Bd6 e5 16. Qh5 Qf6 17. c5 Rac8 {1-0 (54) Odendahl,R (2359)-Haria,R (2463) Belgium 2020}) 12. Rb1 Rd8 13. a4 $36 {[%mdl 2048] White is on the roll.} a6 14. Qb3 (14. Re1 $16) 14... e5 $11 15. Bd2 Qc7 16. Rfe1 Nd7 17. Qa3 b6 {[#]} (17... a5 $11) 18. a5 $1 $16 {[%cal Ra5b6][%mdl 512] axb6 is the strong threat.} bxa5 $2 {[#]} (18... Rb8 $16) 19. Nh4 $2 ({White has to play} 19. Nxd4 $1 $18 {[%mdl 512]} exd4 (19... Nxd4 20. Bxa5) 20. Bf4) 19... Rb8 $11 20. Rxb8 Ndxb8 21. f4 Re8 22. Qc5 {[%mdl 1024] White has compensation.} Re6 {[#]} 23. Bd5 ({White should try} 23. f5 $1 $16 {[%cal Rf5e6]} Qe7 24. Qb6) 23... Nd7 24. Qa3 Re8 $1 25. Nf5 (25. Qa4 $11 {keeps the balance.} Nb4 26. Bxb4 axb4 27. Nf3 (27. Qxb4 Nf6 $15)) 25... Nb4 $1 $17 26. fxe5 $2 {[%mdl 8192]} (26. Bxb4 $17 {is a better defense.} axb4 27. Qa4) 26... Nxe5 $19 27. Nxd4 Nxd5 28. cxd5 $2 (28. Qxa5 Qxa5 29. Bxa5) 28... Qb6 29. Be3 {[#]} Nf3+ $1 {[%mdl 512]} 30. Nxf3 Rxe3 31. Kg2 Bg4 32. Rf1 $2 (32. Rxe3 $19 Qxe3 33. Ng1) 32... Re2+ {Black mates.} 33. Kh1 Bxf3+ {[%mdl 64] Overworked Piece} 34. Rxf3 Qb1+ {[%mdl 32832] Double Attack. Never resign too early! Accuracy: White = 39%, Black = 64%. . Loss on time!?} 1-0

[Event "53rd Biel Rapid 2020"]
[Site "Biel"]
[Date "2020.07.19"]
[Round "2.4"]
[White "Harikrishna, Pentala"]
[Black "Naiditsch, Arkadij"]
[Result "0-1"]
[WhiteElo "2719"]
[BlackElo "2626"]
[Annotator "TA"]
[PlyCount "88"]
[EventDate "2020.07.19"]
[EventType "tourn"]
[EventCountry "SUI"]
[SourceTitle "playchess.com"]
[Source "ChessBase"]
[SourceQuality "1"]

{[%evp 10,88,0,0,0,0,0,0,0,-14,0,-2,0,-31,-27,-38,-31,-34,-33,-44,-27,-43,-36,-38,-27,-60,-40,-64,-62,-98,-86,-96,-101,-85,-57,-54,-54,-85,-81,-81,-79,-90,-83,-95,-95,-110,-83,-92,-96,-101,-77,-154,-134,-204,-204,-196,-182,-239,-233,-239,-215,-277,-273,-264,-257,-283,-43,-468,-456,-529,-520,-452,-367,-399,-229,-218,-231,-225,-211,-188,-180]} 1. c4 Nf6 2. Nc3 e5 3. Nf3 Nc6 4. d3 d5 5. cxd5 Nxd5 6. e4 Nf6 {A28: English Opening: Four Knights Variation.} 7. h3 Bc5 8. Be3 Qe7 {The position is equal.} 9. Be2 O-O 10. O-O Rd8 11. Rc1 {[#]} Nd4 $146 ({Predecessor:} 11... Bb6 12. a3 h6 13. Qc2 Be6 14. Na4 Bd4 15. b4 a6 16. Nxd4 exd4 17. Bf4 Nd7 18. Bxc7 {1-0 (39) Ju,W (2535)-Ni,S (2213) China 2013}) 12. Bxd4 Bxd4 13. Nxd4 Rxd4 14. Qd2 c5 15. f4 b6 16. Qe3 exf4 17. Rxf4 Be6 18. Rcf1 Rad8 19. a3 {[#]} a6 $1 20. e5 {[#]} Nd5 $1 {[%cal Rd5e3]} 21. Nxd5 R8xd5 22. Rxd4 Rxd4 23. Rf4 Qg5 24. Re4 Qxe3+ 25. Rxe3 $17 {[%mdl 4096] Endgame KRB-KRB} Kf8 26. Kf2 Ke7 27. Bf3 g6 28. Bb7 a5 {[%cal Ba6a5,Ba5a4][%mdl 32]} 29. Ba6 Bd7 30. Bc4 (30. Rf3 $142) 30... b5 31. Ba2 (31. Bb3 $17 {keeps fighting.}) 31... h5 $19 32. Ke2 Bf5 33. Bb3 (33. Rf3 $142) 33... a4 34. Ba2 h4 35. Rf3 c4 36. dxc4 bxc4 37. Rc3 Bd3+ 38. Kf3 $2 {[%mdl 8192] Now White is beyond hope.} (38. Ke3 $1 $15 Re4+ {[%mdl 64] Double Attack} 39. Kf3) 38... g5 39. Ke3 Re4+ 40. Kf3 Rf4+ 41. Ke3 Bf1 (41... f5 $142 {Strongly threatening ...Re4+.} 42. exf6+ Kxf6) 42. Rc2 {Black is clearly better.} Ke6 43. Rd2 Kxe5 44. Bb1 g4 {Accuracy: White = 64%, Black = 90%.} 0-1

[Event "53rd Biel Rapid 2020"]
[Site "Biel"]
[Date "2020.07.19"]
[Round "2.4"]
[White "Harikrishna, Pentala"]
[Black "Naiditsch, Arkadij"]
[Result "1-0"]
[WhiteElo "2719"]
[BlackElo "2626"]
[Annotator "TA"]
[PlyCount "77"]
[EventDate "2020.07.19"]
[EventType "tourn"]
[EventCountry "SUI"]
[SourceTitle "playchess.com"]
[Source "ChessBase"]
[SourceQuality "1"]

{[%evp 14,77,21,11,15,10,7,0,0,0,0,0,0,0,0,0,0,0,0,0,12,6,8,2,4,11,6,13,9,13,17,0,4,0,0,0,0,0,0,0,0,0,32,39,125,126,236,140,356,391,353,188,188,188,469,456,464,437,882,882,880,862,862,854,829,593]} 1. e4 e5 2. Nf3 Nc6 3. Bc4 Nf6 4. d3 Bc5 5. O-O d6 6. c3 h6 7. Re1 O-O 8. h3 a5 {now scores much better than the old 8...a6. Played by Magnus Carlsen in May 2020. C54: Giuoco Piano: 4 c3 Nf6, main lines with 5 d4 and 5 d3.} 9. a4 Be6 10. Nbd2 Bxc4 {The position is equal.} 11. Nxc4 Re8 12. Be3 Bxe3 13. Nxe3 Qd7 14. Qb3 b6 15. Qb5 {[#]} Rad8 $146 ({Predecessor:} 15... Ne7 16. Qxd7 Nxd7 17. d4 Red8 18. g3 g6 19. Re2 Kg7 20. Kg2 Rac8 {½-½ (30) Volodarsky,Y (2379)-Simal Moreira,L (2384) GER email 2018}) 16. Nc4 Na7 17. Qxd7 Rxd7 18. b4 axb4 19. cxb4 b5 20. axb5 Nxb5 21. Na5 c5 22. bxc5 dxc5 23. Rac1 Nd4 24. Nxd4 cxd4 25. Nc4 Rde7 26. Ra1 Nd7 27. Ra5 g6 28. Rb1 $36 {[%mdl 2048] White fights for an advantage.} Kf8 (28... f6 $14) 29. Rb7 $16 h5 (29... f6 $16) 30. Kf1 ({White should play} 30. Nd6 $18 Rd8 31. Raa7) 30... Rd8 $2 {[#] Now Black is done in.} (30... f6 $16) 31. Raa7 $18 Ke8 32. Ke2 (32. Nd6+ $142 Kf8 33. Rc7) 32... Re6 33. Rc7 Ke7 $2 (33... g5 {is a better defense.} 34. g3 h4) 34. Na5 {White is clearly winning.} Kd6 35. h4 Ree8 (35... f6 $142 36. g3 g5 37. hxg5 fxg5) 36. Nc4+ Ke6 37. Rc6+ Ke7 38. Nxe5 f6 39. Nxd7 {Accuracy: White = 79%, Black = 62%.} 1-0